000 00805cab a2200205 4500
001 WB3238-15
008 090401t1996 xxu||||| |||| 00| 0 eng d
035 _a(Sirsi) u20459
041 _aeng
245 _aConcession made to small PFIs
260 _c1996
350 _a0
490 _aAccountancy Age
_v26 September 1996, 6(1)
520 _aThe government has agreed, for the first time, to allow small Private Finance Initiative deals in the education sector to be packaged and presented as one project to bidding contractors, after claims by private contractors that rising bid costs for individual projects has stalled the scheme.
650 _aCONTRACTORS
650 _aPRIVATE FINANCE INITIATIVE
690 _aPROPERTY-PROPERTY FINANCE AND INVESTMENT
942 _n0
948 _c04/03/1997
999 _c13707
_d13707